[Event "Leverkusen Bayer op 10th"]
[Site "Leverkusen"]
[Date "2012.02.22"]
[Round "4"]
[White "Ringeltaube, Denny"]
[Black "Froehling, Ewald"]
[Result "1/2-1/2"]
[WhiteElo "1568"]
[BlackElo "1447"]
[PlyCount "91"]
[EventDate "2012.01.11"]
[EventType "swiss"]
[EventRounds "7"]
[EventCountry "GER"]
[SourceTitle "EXT 2014"]
[Source "ChessBase"]
[SourceDate "2013.11.20"]
[SourceVersion "1"]
[SourceVersionDate "2013.11.20"]
[SourceQuality "1"]

1. d4 d5 2. c4 dxc4 3. e4 e5 4. d5 Bc5 5. Qc2 a6 6. a4 Nf6 7. Bg5 Qd6 8. Bxf6 Qxf6 9. Bxc4 Qg5 10. g3 0-0 11. Nf3 Qf6 12. Be2 Qb6 13. Bd3 Re8 14. Nc3 Bg4 15. Nh4 Qf6 16. h3 Bf3 17. Rh2 Nd7 18. Be2 Bxe2 19. Qxe2 Bb6 20. Qf3 Qxf3 21. Nxf3 Nc5 22. b4 Nd3+ 23. Kd2 Nxb4 24. a5 Bc5 25. Na4 Bd6 26. Rhh1 f5 27. exf5 Nxd5 28. Ke2 h6 29. Rhd1 Nb4 30. Nd2 Nc2 31. Ra2 Nd4+ 32. Ke3 Nxf5+ 33. Ke4 Nd4 34. Nc4 Rad8 35. Nc3 Ne6 36. h4 Nc5+ 37. Ke3 Ne6 38. Nxd6 Rxd6 39. Rb1 Nc5 40. Ke2 Rb8 41. Na4 Nxa4 42. Rxa4 Rd4 43. Ra3 Rd7 44. Rc1 Kf7 45. Rc5 Ke6 46. Re3 1/2-1/2

[Event "Leverkusen Bayer op 9th"]
[Site "Leverkusen"]
[Date "2011.02.21"]
[Round "4"]
[White "Froehling, Ewald"]
[Black "Remmler, Dirk"]
[Result "1/2-1/2"]
[WhiteElo "1456"]
[BlackElo "1743"]
[PlyCount "71"]
[EventDate "2011.01.10"]
[EventType "swiss"]
[EventRounds "7"]
[EventCountry "GER"]
[SourceTitle "EXT 2012"]
[Source "ChessBase"]
[SourceDate "2011.11.24"]
[SourceVersion "1"]
[SourceVersionDate "2011.11.24"]
[SourceQuality "1"]

1. e4 e6 2. d4 d5 3. Nd2 Nf6 4. e5 Nfd7 5. Ngf3 c5 6. c3 Nc6 7. Nb3 c4 8. Nbd2 f6 9. exf6 Nxf6 10. b3 b5 11. bxc4 bxc4 12. g3 Bd6 13. Bg2 0-0 14. 0-0 Rb8 15. Re1 Qc7 16. Qc2 h6 17. Nf1 Qf7 18. Ne5 Bxe5 19. dxe5 Nd7 20. f4 Nc5 21. Ba3 Nd3 22. Bxf8 Nxe1 23. Rxe1 Qxf8 24. Nd2 Qc5+ 25. Kh1 Ne7 26. Bh3 Rb5 27. Rb1 a6 28. Rxb5 axb5 29. Nf3 Qe3 30. Nd4 b4 31. Bxe6+ Bxe6 32. Nxe6 bxc3 33. Qa4 Kf7 34. Nd8+ Kf8 35. Ne6+ Kf7 36. Nd8+ 1/2-1/2

[Event "Leverkusen Bayer op 9th"]
[Site "Leverkusen"]
[Date "2011.01.24"]
[Round "2"]
[White "Froehling, Ewald"]
[Black "Werbeck, Torsten"]
[Result "0-1"]
[WhiteElo "1456"]
[BlackElo "2150"]
[PlyCount "84"]
[EventDate "2011.01.10"]
[EventType "swiss"]
[EventRounds "7"]
[EventCountry "GER"]
[SourceTitle "EXT 2012"]
[Source "ChessBase"]
[SourceDate "2011.11.24"]
[SourceVersion "1"]
[SourceVersionDate "2011.11.24"]
[SourceQuality "1"]

1. e4 g6 2. d4 d6 3. Nf3 Bg7 4. Nc3 a6 5. Bc4 e6 6. 0-0 b5 7. Bb3 Bb7 8. Re1 Nd7 9. Bg5 Qc8 10. Qd2 c5 11. dxc5 dxc5 12. a3 h6 13. Bf4 c4 14. Ba2 Ngf6 15. Rad1 Kf8 16. b3 Kg8 17. bxc4 bxc4 18. Ne5 Nxe5 19. Bxe5 Qc5 20. Bd4 Qc7 21. Qe2 Rc8 22. h3 Kh7 23. Qf3 e5 24. Be3 Qa5 25. Bc1 Rhf8 26. Nd5 Nxd5 27. exd5 f5 28. h4 Rc5 29. Bd2 c3 30. Be3 Rcc8 31. Bc1 Qa4 32. Bb3 Qxh4 33. Qe3 f4 34. Qb6 f3 35. gxf3 Rxf3 36. Kf1 Rcf8 37. Be3 Bc8 38. d6 Bg4 39. Bd5 Qh1+ 40. Ke2 Rxf2+ 41. Kd3 Qxd5+ 42. Kxc3 Bxd1 0-1

[Event "Leverkusen Bayer op 9th"]
[Site "Leverkusen"]
[Date "2011.01.10"]
[Round "1"]
[White "Wegener, Marcus"]
[Black "Froehling, Ewald"]
[Result "1-0"]
[WhiteElo "2025"]
[BlackElo "1456"]
[PlyCount "43"]
[EventDate "2011.01.10"]
[EventType "swiss"]
[EventRounds "7"]
[EventCountry "GER"]
[SourceTitle "EXT 2012"]
[Source "ChessBase"]
[SourceDate "2011.11.24"]
[SourceVersion "1"]
[SourceVersionDate "2011.11.24"]
[SourceQuality "1"]

1. e4 d5 2. exd5 Qxd5 3. Nc3 Qa5 4. d4 c6 5. Bc4 Nf6 6. Bd2 Qc7 7. Qe2 Bf5 8. 0-0-0 e6 9. Nf3 Nbd7 10. Ne5 Nxe5 11. dxe5 Nd7 12. g4 Bg6 13. f4 0-0-0 14. Rhf1 h6 15. f5 exf5 16. gxf5 Bh7 17. Bf4 Qa5 18. e6 fxe6 19. fxe6 Nf6 20. e7 Bxe7 21. Qxe7 Rxd1+ 22. Rxd1 1-0

[Event "Troisdorf op "]
[Site "Troisdorf"]
[Date "2010.11.26"]
[Round "6"]
[White "Froehling, Ewald"]
[Black "Campos, Alberto"]
[Result "1/2-1/2"]
[WhiteElo "1492"]
[BlackElo "1651"]
[PlyCount "112"]
[EventDate "2010.10.26"]
[EventType "swiss"]
[EventRounds "7"]
[EventCountry "GER"]
[SourceTitle "EXT 2013"]
[Source "ChessBase"]
[SourceDate "2012.11.22"]
[SourceVersion "1"]
[SourceVersionDate "2012.11.22"]
[SourceQuality "1"]

1. e4 e5 2. Nf3 Nc6 3. Bb5 a6 4. Ba4 Nf6 5. 0-0 Be7 6. d3 0-0 7. Bxc6 dxc6 8. Nxe5 Bd6 9. Nc4 Bg4 10. Qe1 Bc5 11. h3 Be6 12. Ne5 Re8 13. Nf3 h6 14. Be3 Be7 15. a3 c5 16. Nc3 b5 17. Qd2 Bf8 18. Ne2 Bd7 19. b3 Qc8 20. Qc3 b4 21. axb4 cxb4 22. Qb2 c5 23. Nf4 Bb5 24. Rfe1 Qd8 25. e5 Nd5 26. Nxd5 Qxd5 27. d4 c4 28. bxc4 Bxc4 29. Nd2 Bb5 30. Qb3 Qb7 31. Nc4 Re6 32. Bd2 Rg6 33. Ne3 Bd7 34. h4 Bh3 35. g3 Rd8 36. d5 Bc5 37. Kh2 Bxe3 38. Bxe3 Bg4 39. Ra5 Qc7 40. Qxb4 Rb8 41. Qd2 Rb2 42. Rc5 Qb8 43. d6 Bd7 44. Rc7 Qb5 45. Qd3 Qa4 46. Qc4 Rb4 47. Rc8+ Kh7 48. Qxf7 Rxh4+ 49. Kg2 Qe4+ 50. Kf1 Rh1+ 51. Ke2 Rxe1+ 52. Kxe1 Bxc8 53. d7 Bxd7 54. Qxd7 Qxe5 55. Ke2 Rd6 56. Qg4 Qb5+ 1/2-1/2

[Event "Cologne Ford op"]
[Site "Cologne"]
[Date "2010.06.07"]
[Round "7"]
[White "Rey, Thorsten"]
[Black "Froehling, Ewald"]
[Result "0-1"]
[WhiteElo "1125"]
[BlackElo "1527"]
[PlyCount "56"]
[EventDate "2010.04.19"]
[EventType "swiss"]
[EventRounds "7"]
[EventCountry "GER"]
[SourceTitle "EXT 2011"]
[Source "ChessBase"]
[SourceDate "2010.11.26"]
[SourceVersion "1"]
[SourceVersionDate "2010.11.26"]
[SourceQuality "1"]

1. d4 d5 2. c4 dxc4 3. e4 e5 4. d5 Bc5 5. Bxc4 h6 6. Qh5 Qf6 7. Ne2 Qxf2+ 8. Kd1 Bd6 9. Ng3 Nf6 10. Qf3 Bg4 11. Rf1 Bxf3+ 12. gxf3 Qc5 13. b3 Qd4+ 14. Kc2 Qxa1 15. Bb2 Qxa2 16. Nc3 Qa5 17. Nf5 g6 18. Nxd6+ cxd6 19. Ra1 Qc5 20. Nb5 Qf2+ 21. Kb1 Kd7 22. Ba3 Ne8 23. Ra2 Qxf3 24. Nc3 a6 25. Na4 Qxe4+ 26. Rc2 Qxc2+ 27. Kxc2 Kc7 28. Be2 b5 0-1

[Event "Cologne Ford op"]
[Site "Cologne"]
[Date "2010.04.26"]
[Round "2"]
[White "Froehling, Ewald"]
[Black "Hoferichter, Michael"]
[Result "1-0"]
[WhiteElo "1527"]
[BlackElo "1307"]
[PlyCount "31"]
[EventDate "2010.04.19"]
[EventType "swiss"]
[EventRounds "7"]
[EventCountry "GER"]
[SourceTitle "EXT 2011"]
[Source "ChessBase"]
[SourceDate "2010.11.26"]
[SourceVersion "1"]
[SourceVersionDate "2010.11.26"]
[SourceQuality "1"]

1. e4 c5 2. Nf3 d6 3. d4 cxd4 4. Nxd4 Nf6 5. Nc3 g6 6. Be3 Bg7 7. Qd2 0-0 8. Bh6 Nc6 9. Bxg7 Kxg7 10. 0-0-0 Ne5 11. h3 a6 12. f4 Ned7 13. g4 e6 14. g5 Ng8 15. h4 f6 16. Nxe6+ 1-0

[Event "Cologne Ford op"]
[Site "Cologne"]
[Date "2010.04.19"]
[Round "1"]
[White "Goldenstein, Arnd"]
[Black "Froehling, Ewald"]
[Result "1-0"]
[WhiteElo "2024"]
[BlackElo "1527"]
[PlyCount "119"]
[EventDate "2010.04.19"]
[EventType "swiss"]
[EventRounds "7"]
[EventCountry "GER"]
[SourceTitle "EXT 2011"]
[Source "ChessBase"]
[SourceDate "2010.11.26"]
[SourceVersion "1"]
[SourceVersionDate "2010.11.26"]
[SourceQuality "1"]

1. e4 d5 2. exd5 Qxd5 3. Nc3 Qa5 4. d4 c6 5. Bc4 Nf6 6. Bd2 Qc7 7. Qe2 Bf5 8. Nf3 Nbd7 9. 0-0 e6 10. Rac1 Bd6 11. Bb3 0-0 12. h3 h6 13. Nd1 Ne4 14. c4 Nxd2 15. Qxd2 Nf6 16. Ne3 Ne4 17. Qe2 Bg6 18. Ng4 Qa5 19. Nge5 Bxe5 20. Nxe5 Bf5 21. Rfd1 Rad8 22. a3 Qb6 23. Qe3 Rfe8 24. g4 Bh7 25. h4 Nf6 26. g5 hxg5 27. hxg5 Nd7 28. c5 Qc7 29. Nc4 Nf8 30. Kg2 Ng6 31. Nd6 Re7 32. Rh1 Rxd6 33. cxd6 Qxd6 34. Rhe1 Nf4+ 35. Kf1 Nd3 36. Rcd1 Nxe1 37. Kxe1 Rd7 38. d5 cxd5 39. Rxd5 exd5 40. Qe8+ Qf8 41. Qxd7 Be4 42. Ke2 Qc5 43. Qxb7 Qd4 44. Qc8+ Kh7 45. Qh3+ Kg6 46. Qc3 Qxc3 47. bxc3 Kxg5 48. f3 Bg6 49. Bxd5 Kf4 50. c4 Ke5 51. Ke3 Bf5 52. Bxf7 Kd6 53. Kd4 Bc2 54. f4 a5 55. Bg8 Ba4 56. c5+ Ke7 57. Bd5 Bb5 58. Be4 Ba4 59. Ke5 Kd7 60. Kf5 1-0

[Event "Leverkusen-ch op"]
[Site "Leverkusen"]
[Date "2010.03.08"]
[Round "4"]
[White "Froehling, Ewald"]
[Black "Jacobi, Bernd"]
[Result "0-1"]
[WhiteElo "1514"]
[BlackElo "1475"]
[PlyCount "53"]
[EventDate "2010.01.18"]
[EventType "swiss"]
[EventRounds "7"]
[EventCountry "GER"]
[SourceTitle "EXT 2011"]
[Source "ChessBase"]
[SourceDate "2010.11.26"]
[SourceVersion "1"]
[SourceVersionDate "2010.11.26"]
[SourceQuality "1"]

1. e4 e6 2. d4 d5 3. Nd2 c5 4. c3 dxe4 5. Nxe4 cxd4 6. cxd4 Nc6 7. Nf3 Qd5 8. Nc3 Bb4 9. a3 Bxc3+ 10. bxc3 Nf6 11. Bd3 0-0 12. 0-0 Rd8 13. Bg5 Kh8 14. Bxf6 gxf6 15. Qc2 f5 16. Ng5 Qd7 17. Rad1 Rg8 18. f4 f6 19. Nf3 Qd6 20. g3 Qxf4 21. Ne5 Qe3+ 22. Kh1 fxe5 23. Rde1 Qh6 24. Kg1 Bd7 25. dxe5 Rac8 26. Qb2 Rb8 27. Rf4 0-1

[Event "Cologne Ford op"]
[Site "Cologne"]
[Date "2009.06.15"]
[Round "7"]
[White "Toevs, Roman"]
[Black "Froehling, Ewald"]
[Result "1-0"]
[WhiteElo "1664"]
[BlackElo "1600"]
[PlyCount "103"]
[EventDate "2009.04.27"]
[EventType "swiss"]
[EventRounds "7"]
[EventCountry "GER"]
[SourceTitle "EXT 2011"]
[Source "ChessBase"]
[SourceDate "2010.11.26"]
[SourceVersion "1"]
[SourceVersionDate "2010.11.26"]
[SourceQuality "1"]

1. e4 d5 2. exd5 Qxd5 3. Nc3 Qa5 4. d4 c6 5. Nf3 Bf5 6. Bc4 e6 7. Bd2 Qc7 8. Qe2 Nf6 9. 0-0-0 Nbd7 10. Nh4 Bg6 11. Nxg6 hxg6 12. h3 Nb6 13. Bb3 Nfd5 14. Ne4 Be7 15. g3 a5 16. a3 Nd7 17. c4 N5f6 18. Bf4 Qb6 19. Ba4 Qa6 20. Nd6+ Bxd6 21. Bxd6 b5 22. d5 bxa4 23. dxe6 fxe6 24. Qxe6+ Kd8 25. Be7+ Kc7 26. Rd4 Kb6 27. Rhd1 Ra7 28. Rd6 Rc7 29. Kb1 Ka7 30. Rxd7 Rxd7 31. Rxd7+ Nxd7 32. Qxd7+ Qb7 33. Bc5+ Ka6 34. Qg4 Qf7 35. h4 Qf5+ 36. Qxf5 gxf5 37. Kc2 Re8 38. Be3 Rd8 39. Bd2 g6 40. Be3 Rd7 41. f3 Rd6 42. Bd2 Re6 43. Kd3 Re5 44. Be3 Re8 45. Ke2 Rb8 46. Bd4 Rb3 47. Bc3 Kb7 48. Ke3 Kc8 49. Kf4 Rb7 50. Kg5 Kd7 51. Kxg6 Ke6 52. h5 1-0

[Event "Cologne Ford op"]
[Site "Cologne"]
[Date "2009.06.08"]
[Round "6"]
[White "Froehling, Ewald"]
[Black "Rey, Thorsten"]
[Result "1-0"]
[WhiteElo "1600"]
[BlackElo "966"]
[PlyCount "119"]
[EventDate "2009.04.27"]
[EventType "swiss"]
[EventRounds "7"]
[EventCountry "GER"]
[SourceTitle "EXT 2011"]
[Source "ChessBase"]
[SourceDate "2010.11.26"]
[SourceVersion "1"]
[SourceVersionDate "2010.11.26"]
[SourceQuality "1"]

1. e4 e6 2. d4 d5 3. Nd2 Nc6 4. exd5 exd5 5. Bb5 Bb4 6. Ngf3 Nge7 7. 0-0 0-0 8. c3 Bd6 9. h3 Bd7 10. Bd3 Nf5 11. Qc2 Nce7 12. Nb3 h6 13. g4 Qc8 14. gxf5 Nxf5 15. Ne5 Bxe5 16. dxe5 b6 17. Qe2 c5 18. Bc2 c4 19. Nd4 Nh4 20. Qh5 Ng6 21. Bxg6 fxg6 22. Qxg6 Be8 23. Qe6+ Bf7 24. Qxc8 Raxc8 25. Nf5 Rc7 26. Bd2 Be6 27. Nd4 Bxh3 28. Rfe1 Re7 29. f4 g5 30. fxg5 hxg5 31. Re2 g4 32. Kh2 Bf1 33. Bg5 Rh7+ 34. Kg3 Bxe2 35. Nxe2 Rh3+ 36. Kxg4 Rh2 37. Nf4 Rxb2 38. e6 Re8 39. e7 Kf7 40. Nxd5 Rg2+ 41. Kf5 Rf2+ 42. Bf4 Rxe7 43. Nxe7 Kxe7 44. Ke5 Re2+ 45. Kd4 b5 46. a4 a6 47. axb5 axb5 48. Ra5 Rf2 49. Be5 Rd2+ 50. Kc5 Ke6 51. Bd4 Rb2 52. Rxb5 Rxb5+ 53. Kxb5 Kd5 54. Kb4 Kc6 55. Kxc4 Kd6 56. Kb5 Kd5 57. c4+ Kxd4 58. c5 Kd5 59. c6 Kd6 60. Kb6 1-0

[Event "Cologne Ford op"]
[Site "Cologne"]
[Date "2009.05.11"]
[Round "3"]
[White "Strick, Gregor"]
[Black "Froehling, Ewald"]
[Result "1-0"]
[WhiteElo "100"]
[BlackElo "1600"]
[PlyCount "125"]
[EventDate "2009.04.27"]
[EventType "swiss"]
[EventRounds "7"]
[EventCountry "GER"]
[SourceTitle "EXT 2011"]
[Source "ChessBase"]
[SourceDate "2010.11.26"]
[SourceVersion "1"]
[SourceVersionDate "2010.11.26"]
[SourceQuality "1"]

1. e4 d5 2. exd5 Qxd5 3. Nc3 Qa5 4. d4 c6 5. Nf3 Nf6 6. Bd2 Qc7 7. h3 Bf5 8. g4 Bg6 9. Ne5 e6 10. Bf4 Bd6 11. Nxg6 hxg6 12. Bxd6 Qxd6 13. Qf3 Qxd4 14. Bd3 Nbd7 15. 0-0-0 Ne5 16. Qe2 Qf4+ 17. Kb1 Nxd3 18. Qxd3 0-0 19. Qe2 Rad8 20. f3 Rxd1+ 21. Qxd1 Nd5 22. Nxd5 cxd5 23. h4 Rc8 24. h5 gxh5 25. Rxh5 g6 26. Rh3 Kg7 27. Qh1 Kf6 28. Rh7 Ke7 29. Qh4+ Kd6 30. Qf2 b6 31. a4 Rc7 32. b3 Qf6 33. Qh2+ Qe5 34. Qf2 Qc3 35. Qh2+ Qe5 36. f4 Qe1+ 37. Kb2 Qc3+ 38. Kb1 Qe1+ 39. Kb2 Qc3+ 40. Kb1 Kc6 41. Rh3 Qd4 42. Rd3 Qf6 43. Qg3 Kb7 44. Qf3 Qe7 45. c4 Qc5 46. Rd1 Ka6 47. cxd5 exd5 48. Qd3+ Kb7 49. Qxd5+ Qxd5 50. Rxd5 Kc6 51. Rd2 Re7 52. Kc2 Kc5 53. Rd3 Re2+ 54. Kc3 Rf2 55. b4+ Kc6 56. Rd4 Rf3+ 57. Kc4 Rf1 58. b5+ Kc7 59. Kd5 Rc1 60. Ke5 Re1+ 61. Kf6 g5 62. Kxg5 Re6 63. f5 1-0

[Event "Leverkusen-ch op"]
[Site "Leverkusen"]
[Date "2009.03.02"]
[Round "5"]
[White "Mummel, Christian"]
[Black "Froehling, Ewald"]
[Result "0-1"]
[WhiteElo "1793"]
[BlackElo "1607"]
[PlyCount "55"]
[EventDate "2009.01.12"]
[EventType "swiss"]
[EventRounds "7"]
[EventCountry "GER"]
[SourceTitle "EXT 2010"]
[Source "ChessBase"]
[SourceDate "2010.11.25"]
[SourceVersion "1"]
[SourceVersionDate "2010.11.25"]
[SourceQuality "1"]

1. Nf3 d5 2. c4 d4 3. e3 dxe3 4. fxe3 Nf6 5. Be2 e6 6. 0-0 Bd6 7. d4 b6 8. Nc3 c6 9. e4 Be7 10. Bg5 0-0 11. e5 Ne8 12. Bxe7 Qxe7 13. Bd3 Nc7 14. Qc2 h6 15. Rae1 Bb7 16. Ne4 c5 17. dxc5 bxc5 18. Nd6 Bxf3 19. Rxf3 Nc6 20. Rg3 Kh8 21. Be4 Nd4 22. Qd2 Rab8 23. Rh3 f6 24. Rxh6+ gxh6 25. Qxh6+ Kg8 26. Re3 Qg7 27. Qh5 Rxb2 28. Bd3 0-1

[Event "Leverkusen-ch op"]
[Site "Leverkusen"]
[Date "2009.03.02"]
[Round "4"]
[White "Van Kempen, Heinz Erich"]
[Black "Froehling, Ewald"]
[Result "1-0"]
[WhiteElo "1707"]
[BlackElo "1607"]
[PlyCount "95"]
[EventDate "2009.01.12"]
[EventType "swiss"]
[EventRounds "7"]
[EventCountry "GER"]
[SourceTitle "EXT 2010"]
[Source "ChessBase"]
[SourceDate "2010.11.25"]
[SourceVersion "1"]
[SourceVersionDate "2010.11.25"]
[SourceQuality "1"]

1. e4 e5 2. Nf3 Nc6 3. Bc4 Nf6 4. d4 d6 5. dxe5 dxe5 6. Qxd8+ Nxd8 7. Nxe5 Nxe4 8. 0-0 Bc5 9. Nd2 Nxd2 10. Bxd2 0-0 11. Bc3 Bf5 12. Rfe1 Be6 13. Bxe6 Nxe6 14. Nd7 Rfe8 15. Rxe6 Bxf2+ 16. Kxf2 Rxe6 17. Nc5 Rh6 18. Nxb7 Rxh2 19. Be5 Rh5 20. Re1 Rf5+ 21. Kg3 Re8 22. Bc3 Rxe1 23. Bxe1 Rb5 24. Na5 Rxb2 25. Nc6 Rxa2 26. c4 Rc2 27. Na5 Kf8 28. Kf3 Ke8 29. g3 Kd7 30. Ke3 Ke6 31. Kd3 Ra2 32. c5 Kd5 33. Nb3 Rb2 34. Kc3 Re2 35. Bd2 h6 36. Kd3 Rg2 37. Bf4 c6 38. Bd6 h5 39. Nd4 g5 40. Nc2 a5 41. Ne3+ Ke6 42. Nxg2 Kd5 43. Ne3+ Ke6 44. Kc3 f5 45. Kb3 h4 46. gxh4 gxh4 47. Ka4 h3 48. Kxa5 1-0

[Event "Leverkusen-ch op"]
[Site "Leverkusen"]
[Date "2008.03.16"]
[Round "6"]
[White "Froehling, Ewald"]
[Black "Herrmann, Christoph"]
[Result "0-1"]
[WhiteElo "1559"]
[BlackElo "1842"]
[PlyCount "118"]
[EventDate "2008.01.14"]
[EventType "swiss"]
[EventRounds "7"]
[EventCountry "GER"]
[SourceTitle "EXT 2010"]
[Source "ChessBase"]
[SourceDate "2010.11.25"]
[SourceVersion "1"]
[SourceVersionDate "2010.11.25"]
[SourceQuality "1"]

1. e4 c5 2. Nf3 d6 3. d4 cxd4 4. Nxd4 Nf6 5. Nc3 a6 6. Bc4 e6 7. Bb3 Be7 8. Bg5 0-0 9. 0-0 Qc7 10. Qd3 Nc6 11. a3 Ne5 12. Qe2 b5 13. h3 Nc4 14. Nd1 Bd7 15. c3 Rac8 16. Ne3 Nxe3 17. Qxe3 Rfe8 18. Rfe1 h6 19. Bh4 Ng4 20. Qg3 Bxh4 21. Qxh4 Ne5 22. Qg3 Nc4 23. Re2 e5 24. Nf3 Be6 25. Ba2 a5 26. Ne1 a4 27. Nd3 f6 28. Nb4 Qf7 29. Bxc4 Bxc4 30. Rd2 Red8 31. Qg4 Be6 32. Qf3 f5 33. exf5 Bxf5 34. Qd5 Rc5 35. Qxf7+ Kxf7 36. Rad1 Ke6 37. Nd5 Bc2 38. Rxc2 Rxd5 39. Rcd2 Rxd2 40. Rxd2 g5 41. f3 Rc8 42. Kf2 Rc5 43. Ke3 Rd5 44. Re2 Rd1 45. Ke4 d5+ 46. Ke3 Kf5 47. Kf2 Rd3 48. g3 h5 49. Re3 Rd2+ 50. Re2 Rxe2+ 51. Kxe2 h4 52. gxh4 gxh4 53. Ke3 Kg5 54. f4+ exf4+ 55. Kf2 Kf5 56. Kf3 Ke5 57. Kf2 Ke4 58. Ke2 f3+ 59. Kf2 Kf4 0-1

[Event "Leverkusen-ch op"]
[Site "Leverkusen"]
[Date "2008.02.11"]
[Round "3"]
[White "Van Hove, Ode"]
[Black "Froehling, Ewald"]
[Result "0-1"]
[WhiteElo "1387"]
[BlackElo "1559"]
[PlyCount "82"]
[EventDate "2008.01.14"]
[EventType "swiss"]
[EventRounds "7"]
[EventCountry "GER"]
[SourceTitle "EXT 2010"]
[Source "ChessBase"]
[SourceDate "2010.11.25"]
[SourceVersion "1"]
[SourceVersionDate "2010.11.25"]
[SourceQuality "1"]

1. e4 d5 2. exd5 Qxd5 3. Nc3 Qa5 4. Bc4 Nf6 5. d3 c6 6. Qe2 Bg4 7. f3 Bh5 8. Bd2 Qc7 9. Nh3 e6 10. Ne4 Nbd7 11. Nf4 Bg6 12. Bb3 Nxe4 13. fxe4 Be7 14. 0-0-0 Nc5 15. Nxg6 Nxb3+ 16. cxb3 hxg6 17. Bc3 0-0-0 18. Qe3 Kb8 19. Kb1 f6 20. g3 e5 21. h4 Bd6 22. Be1 Qe7 23. Bf2 b6 24. Rc1 Bc5 25. Qd2 Bxf2 26. Qxf2 Kb7 27. Qc2 Rd6 28. b4 Qd7 29. Rhd1 Qg4 30. Qc4 Rhd8 31. a3 Qxg3 32. Ka2 Qxh4 33. Qf7+ R8d7 34. Qxg6 Qh3 35. Rh1 Qxd3 36. Rh8 Qd2 37. Rc3 Re7 38. Qh7 Kc7 39. Rg3 Qd4 40. Rg8 Qc4+ 41. Rb3 Rd3 0-1

[Event "Leverkusen-ch op"]
[Site "Leverkusen"]
[Date "2008.01.28"]
[Round "2"]
[White "Froehling, Ewald"]
[Black "Ziabari, Morteza"]
[Result "0-1"]
[WhiteElo "1559"]
[BlackElo "1807"]
[PlyCount "86"]
[EventDate "2008.01.14"]
[EventType "swiss"]
[EventRounds "7"]
[EventCountry "GER"]
[SourceTitle "EXT 2010"]
[Source "ChessBase"]
[SourceDate "2010.11.25"]
[SourceVersion "1"]
[SourceVersionDate "2010.11.25"]
[SourceQuality "1"]

1. e4 d6 2. d4 Nf6 3. Nc3 c6 4. h3 Qc7 5. Nf3 e5 6. dxe5 dxe5 7. Bc4 b5 8. Bb3 b4 9. Ne2 Nxe4 10. 0-0 Ba6 11. Ng5 Nxg5 12. Bxg5 h6 13. Bh4 Be7 14. Bg3 Nd7 15. Re1 Rd8 16. Qc1 0-0 17. c3 Kh8 18. Nd4 Bg5 19. Qc2 Qb6 20. Nf3 bxc3 21. Nxg5 hxg5 22. Qxc3 f6 23. Qf3 g6 24. Rac1 Nc5 25. Bc2 Bd3 26. Red1 Qxb2 27. Bxd3 Rxd3 28. Qxc6 Qb6 29. Qxb6 axb6 30. Re1 Ra8 31. Rb1 Ra6 32. Rb2 Rxg3 33. fxg3 Nd3 34. Rbe2 Nxe1 35. Rxe1 Rxa2 36. Rd1 Rb2 37. Rd6 Kg7 38. Rd7+ Kh6 39. Rd6 f5 40. Re6 e4 41. g4 Kg7 42. Rc6 f4 43. Rc7+ Kh6 0-1

[Event "Troisdorf op"]
[Site "Troisdorf"]
[Date "2007.11.06"]
[Round "3"]
[White "Engels, Gerd"]
[Black "Froehling, Ewald"]
[Result "1-0"]
[WhiteElo "1994"]
[BlackElo "1558"]
[PlyCount "81"]
[EventDate "2007.10.16"]
[EventType "swiss"]
[EventRounds "5"]
[EventCountry "GER"]
[SourceTitle "EXT 2011"]
[Source "ChessBase"]
[SourceDate "2010.11.26"]
[SourceVersion "1"]
[SourceVersionDate "2010.11.26"]
[SourceQuality "1"]

1. d4 d5 2. Nf3 Nf6 3. e3 Bg4 4. c4 dxc4 5. Bxc4 e6 6. Qb3 Bxf3 7. gxf3 b6 8. 0-0 Be7 9. Rd1 0-0 10. Nc3 c6 11. a4 Qc7 12. e4 Nbd7 13. Be3 c5 14. d5 Ne5 15. Be2 exd5 16. Nxd5 Nxd5 17. Rxd5 Bd6 18. Rad1 Rad8 19. f4 Ng6 20. e5 Be7 21. Bf3 Nh4 22. Be4 Qc8 23. Qc2 Qg4+ 24. Kh1 Nf3 25. Bxh7+ Kh8 26. Bf5 Qh5 27. h3 Rxd5 28. Rxd5 Nh4 29. Bg4 Qh6 30. Rd7 Qc6+ 31. f3 f5 32. exf6 Bxf6 33. Qe4 Qxe4 34. fxe4 Bxb2 35. Rd5 g6 36. Rd7 c4 37. Rc7 Rd8 38. Rxc4 Rd3 39. Bf2 Nf5 40. exf5 gxf5 41. Bxf5 1-0

[Event "Leverkusen-ch op"]
[Site "Leverkusen"]
[Date "2007.02.12"]
[Round "4"]
[White "Schreiber, Peter"]
[Black "Froehling, Ewald"]
[Result "1-0"]
[WhiteElo "1723"]
[BlackElo "1546"]
[PlyCount "47"]
[EventDate "2007.01.08"]
[EventType "swiss"]
[EventRounds "7"]
[EventCountry "GER"]
[SourceTitle "EXT 2008"]
[Source "ChessBase"]
[SourceDate "2007.11.25"]
[SourceVersion "1"]
[SourceVersionDate "2007.11.25"]
[SourceQuality "1"]

1. e4 d5 2. exd5 Qxd5 3. Nc3 Qa5 4. d4 c6 5. Nf3 Nf6 6. Bc4 Bf5 7. Bd2 Qc7 8. Qe2 Nbd7 9. 0-0 Nb6 10. Bb3 e6 11. Ne5 Bd6 12. f4 0-0 13. Rad1 Bxe5 14. fxe5 Bg4 15. Qe3 Bxd1 16. exf6 Bh5 17. Qg5 Bg6 18. Ne4 Nd5 19. fxg7 Rfd8 20. Bxd5 cxd5 21. Nf6+ Kxg7 22. Qh6+ Kh8 23. Bf4 Qe7 24. Be5 1-0

[Event "Leverkusen-ch op"]
[Site "Leverkusen"]
[Date "2007.01.29"]
[Round "3"]
[White "Reiter, Ute"]
[Black "Froehling, Ewald"]
[Result "0-1"]
[WhiteElo "1090"]
[BlackElo "1546"]
[PlyCount "100"]
[EventDate "2007.01.08"]
[EventType "swiss"]
[EventRounds "7"]
[EventCountry "GER"]
[SourceTitle "EXT 2008"]
[Source "ChessBase"]
[SourceDate "2007.11.25"]
[SourceVersion "1"]
[SourceVersionDate "2007.11.25"]
[SourceQuality "1"]

1. e4 e5 2. Nf3 Nc6 3. Bc4 Nf6 4. d3 d5 5. exd5 Nxd5 6. a3 Bg4 7. Nbd2 a6 8. h3 Bh5 9. 0-0 Bc5 10. b4 Bd4 11. Rb1 Nc3 12. Qe1 Nxb1 13. Nxb1 Bxf3 14. gxf3 Qf6 15. Nd2 Bc3 16. Qe4 0-0 17. Qg4 Nd4 18. Ne4 Qxf3 19. Nxc3 Qxg4+ 20. hxg4 Nxc2 21. Bd5 c6 22. Be4 Nd4 23. Kg2 Rad8 24. Rh1 g6 25. Bg5 Rd7 26. Bf6 Re8 27. g5 Ne6 28. Ne2 c5 29. Kg3 cxb4 30. axb4 Rc8 31. Bxe5 Nxg5 32. f4 Nxe4+ 33. dxe4 Rc4 34. Rc1 Rxc1 35. Nxc1 Rd1 36. Ne2 Rb1 37. Bc3 h5 38. e5 Rd1 39. Kg2 Rd3 40. Be1 Kf8 41. Kf1 Ke7 42. Bh4+ Ke6 43. Bf2 Kf5 44. Ke1 Kg4 45. Nd4 Kxf4 46. e6 fxe6 47. Nxe6+ Kf3 48. Nc5 Ra3 49. Bd4 h4 50. Be5 Re3+ 0-1

[Event "Leverkusen-ch op"]
[Site "Leverkusen"]
[Date "2007.01.22"]
[Round "2"]
[White "Froehling, Ewald"]
[Black "Friedsam, Manfred"]
[Result "0-1"]
[WhiteElo "1546"]
[BlackElo "1804"]
[PlyCount "69"]
[EventDate "2007.01.08"]
[EventType "swiss"]
[EventRounds "7"]
[EventCountry "GER"]
[SourceTitle "EXT 2008"]
[Source "ChessBase"]
[SourceDate "2007.11.25"]
[SourceVersion "1"]
[SourceVersionDate "2007.11.25"]
[SourceQuality "1"]

1. e4 e6 2. d4 d5 3. e5 c5 4. c3 Nc6 5. Nf3 Qb6 6. Bd3 Bd7 7. Bc2 Rc8 8. 0-0 cxd4 9. cxd4 Nge7 10. Nc3 Ng6 11. a3 Be7 12. Na4 Qc7 13. Nc3 Na5 14. Bg5 Nc4 15. Bxe7 Kxe7 16. Bxg6 hxg6 17. Qb3 f6 18. exf6+ gxf6 19. g3 Bc6 20. Rfe1 Kf7 21. Rac1 Qd7 22. Qa2 Qd6 23. Rc2 Rce8 24. Rce2 Qf8 25. b3 Nxa3 26. Qd2 Nb5 27. Nxb5 Bxb5 28. Re3 a6 29. Rc3 Qh6 30. Rc7+ Re7 31. Qc3 Bc6 32. Rxe7+ Kxe7 33. Qc5+ Kd7 34. Rc1 Rc8 35. Kf1 0-1